Nomeie todas as cores que você conhece - nomeie as cores mais famosas - Statistics

Estatísticas Gerais
  • Esse quiz foi jogado 167 vezes
  • A pontuação média é 12 de 16
Estatísticas das Respostas
Resposta % Correto
Amarelo
100%
Azul
100%
Branco
99%
Preto
99%
Verde
99%
Vermelho
99%
Rosa
98%
Roxo
97%
Laranja
90%
Cinza
85%
Marrom
85%
Lilás
64%
Prata
38%
Turquesa
22%
Ouro
19%
Antracite
0%
Nenhum quiz correspondente encontrado
Distribuição das Pontuações
Porcentagem de Pessoas com Cada Pontuação
Percentil de Números Respondidos
Sua Pontuação Histórica
Você não jogou esse quiz